IFM Opac

TANZANIA TRANSPORT AND COMMUNICATIONS (Record no. 19780)

MARC details
000 -LEADER
fixed length control field 00286nam a22001097a 4500
082 ## - DEWEY DECIMAL CLASSIFICATION NUMBER
Classification number 380.0678TAN
100 ## - MAIN ENTRY--PERSONAL NAME
Personal name UNITED REPUBLIC OF TANZANIA
245 ## - TITLE STATEMENT
Title TANZANIA TRANSPORT AND COMMUNICATIONS
260 ## - PUBLICATION, DISTRIBUTION, ETC.
Place of publication, distribution, etc. DAR ES SALAAM
Name of publisher, distributor, etc. GOVERMENT PRINTER
Date of publication, distribution, etc. 1979
300 ## - PHYSICAL DESCRIPTION
Extent 15P.
Other physical details ill;20cm
942 ## - ADDED ENTRY ELEMENTS (KOHA)
Koha item type Books
Holdings
Withdrawn status Lost status Damaged status Not for loan Home library Current library Shelving location Date acquired Total Checkouts Full call number Barcode Date last seen Price effective from Koha item type
        IFM Main Campus Library IFM Main Campus Library Archival Collection 05/15/2015   380.0678TAN 0000013010 08/14/2018 02/19/2022 Books